LEADER 02509nam 2200517z- 450 001 9910553075303321 005 20231214141114.0 010 $a1000141938 035 $a(CKB)5860000000016689 035 $a(oapen)https://directory.doabooks.org/handle/20.500.12854/79693 035 $a(EXLCZ)995860000000016689 100 $a20202203d2022 |y 0 101 0 $ager 135 $aurmn|---annan 181 $ctxt$2rdacontent 182 $cc$2rdamedia 183 $acr$2rdacarrier 200 10$aGutes Klima für die Zukunft. Dekarbonisierung als wichtiger Schlüssel zum nachhaltigen Bauen mit Beton$e18. Symposium Baustoffe und Bauwerkserhaltung, Karlsruher Institut für Technologie (KIT), 10. März 2022 210 $aKarlsruhe$cKIT Scientific Publishing$d2022 215 $a1 electronic resource (78 p.) 311 $a3-7315-1163-0 330 $aHow can we manage the growing demand for housing and the increasing desire for sustainability and climate protection at the same time? And how can the various stakeholders in the concrete construction industry contribute? The present conference proceedings provide an overview of the opportunities and challenges of sustainable concrete construction and show with exciting examples which paths industry, regulators and the public sector are taking to achieve climate-neutral construction. 517 $aGutes Klima für die Zukunft. Dekarbonisierung als wichtiger Schlüssel zum nachhaltigen Bauen mit Beton 517 $aGutes Klima für die Zukunft. Dekarbonisierung als wichtiger Schlüssel zum nachhaltigen Bauen mit Beton 606 $aCivil engineering, surveying & building$2bicssc 610 $aBetonbautechnik 610 $aNachhaltigkeit 610 $aDekarbonisierung 610 $aklimaneutrales Bauen 610 $aRessourcenschonung 610 $aconcrete construction technology 610 $asustainability 610 $adecarbonisation 610 $aclimate-neutral building 610 $aresource conservation 615 7$aCivil engineering, surveying & building 700 $aNolting$b Ulrich$4edt$01277591 702 $aDehn$b Frank$4edt 702 $aMercedes Kind$b Vanessa$4edt 702 $aNolting$b Ulrich$4oth 702 $aDehn$b Frank$4oth 702 $aMercedes Kind$b Vanessa$4oth 906 $aBOOK 912 $a9910553075303321 996 $aGutes Klima für die Zukunft. Dekarbonisierung als wichtiger Schlüssel zum nachhaltigen Bauen mit Beton$93037304 997 $aUNINA